000 00434nam a2200133Ia 4500
008 220216s9999 xx 000 0 und d
100 _aGeorge S
245 0 _aRunoff management techniques for soil conservation and water harvesting
260 _bConservation Farming (Eds. S. Bhan et al..). Soil Conservation Society of India, New Delhi, pp. 152-158.
700 _aJohn J
700 _aNair N U
700 _aPhilip A
942 _cBS
999 _c53172
_d53172